[Event "EU-Cup 30th"]
[Site "Bilbao"]
[Date "2014.09.16"]
[Round "3.1"]
[White "Sutovsky, Emil"]
[Black "Ragger, Markus"]
[Result "1-0"]
[WhiteElo "2632"]
[BlackElo "2657"]
[Annotator "Sutovsky,E"]
[PlyCount "87"]
[EventDate "2014.09.14"]
[EventType "team-swiss"]
[EventRounds "7"]
[EventCountry "ESP"]
[SourceTitle "CBM 163"]
[Source "ChessBase"]
[SourceDate "2014.11.11"]
[SourceVersion "1"]
[SourceVersionDate "2014.11.11"]
[SourceQuality "1"]
[WhiteTeam "Odlar Yurdu"]
[BlackTeam "Solingen"]
[WhiteTeamCountry "AZE"]
[BlackTeamCountry "GER"]

1. e4 e5 2. Nf3 Nc6 3. Bb5 Nf6 {Markus has recently started to employ Berlin.
Well, as Dmitry Jakovenko puts it - why to study anything else, if there is a
Berlin? I'd respectfully disagree with such an opinion. Yes, objectively Black
is OK, but White has a lot of different ideas and set-ups that must be met
with a great precision. So, my advice to the younger generation: don't avoid
Berlin, analyse it on board along with the computer analysis, and prepare 3-4
different set-ups for White. At the end of the day, if you will exhaust all
the ideas (which is hardly possible), you can start playing it with Black!} 4.
O-O {Of course! Although 4.d3 served me well for quite some time, and even
allowed to beat the-then World Champion, Vladimir Kramnik, I keep believing in
the most principled lines.} Nxe4 5. d4 Nd6 6. Bxc6 dxc6 7. dxe5 Nf5 8. Qxd8+
Kxd8 9. Rd1+ {Nowadays, 9.h3 is the most popular line. It has to be said, that
the first GM-game in the 9.h3 system belongs to yours truly (Sutovsky-Kalod,
2009) - after developing the whole concept of the early kingside expansion
together with Andrey Volokitin, I have played many games in that line, and the
results were not too bad, but as it was mentioned above - finding new ideas
and move orders is essential fighting the Wall.} Ke8 10. Nc3 Ne7 11. h3 Ng6 {
As expected, Markus is well-prepared, and here I opted for the rarely played
move -} 12. b3 Be7 13. Bb2 a5 {One of the typical plans - but not the
strongest move according to the theory. The critical one is 13...f6, where
white needs to come up with some powerful ideas in order to pose any serious
problems. But if he does, then Black got to be very resourceful to get out of
it.} 14. Re1 {Another typical motif. It is a bit surprising to see this move
to be the strongest in many similar positions.} Be6 (14... Bb4 {is what Black
would have loved to play, but after} 15. e6 Bxe6 16. Nd4 {Black's defensive
task will be really unpleasant.}) 15. Nd4 Bb4 {Now if Black will be in time to
take on c3 and stabilize, he can hold. But...} 16. Re4 {very concrete, but
possibly not the strongest.} ({The more subtle} 16. Re3 Bxc3 17. Rxc3 {
preventing any ideas with c6-c5} a4 18. Rd1 axb3 19. axb3 Ke7 20. Bc1 {is
clearly better for White, although after} Rhd8 21. Bg5+ f6 22. exf6+ gxf6 23.
Be3 Kf7 {I'd rather bet on draw.}) 16... Bxc3 17. Bxc3 Bd5 {And this natural
move is a serious mistake.} ({Markus had to go for} 17... c5 $1 18. Nxe6 (18.
Nb5 Kd7 {is a typical dream scenario for Black}) 18... fxe6 19. Rd1 Ne7 {
where Black is very solid, even if slightly worse.}) 18. Rg4 {That was
tempting, although 18.Ree1 was not less strong.} Rg8 19. Rd1 $1 {The best move,
preparing for the following sequence.} a4 20. Bb4 Rd8 (20... b6 21. e6 {
the most typical way to deal with Black's threats in such a position.} Bxe6 22.
Nxe6 fxe6 23. Re4 c5 24. Bc3 axb3 25. axb3 Ke7 {it seems like Black parried
all the threats, but here comes the second avalanche.} 26. Rde1 Nf8 27. f4 {
the position is surprisingly unpleasant for Black. If you disagree with such
an evaluation, give a position a deeper look :)}) 21. e6 {Finally!} b6 (21...
Bxe6 22. Re1 axb3 23. axb3 Kd7 24. Nxe6 fxe6 25. g3 $1 (25. Rd4+ Kc8 26. Rxd8+
Rxd8 27. Rxe6 Nf4 {lets Black to activate his pieces, although it may be still
insufficient - after 28.Re4 White has a very good chances to convert his edge.}
) 25... Ne7 26. Rd4+ Kc8 27. Rxd8+ Kxd8 28. Rxe6 Nd5 29. Bd2 Kd7 30. Re5 {
and Black will suffer till the end of the game - and I am far from being sure
this suffer will be rewarded...}) 22. Nxc6 $1 {I spent a lot of time here,
trying to properly evaluate the ensuing ending. It actually turns out to be
winning!} Bxc6 23. Rxd8+ Kxd8 24. exf7 Rh8 25. bxa4 {It may be not necessary,
but in principle, you should always consider to break your own pawns' chain,
while having an advantage in the endgame - then you will have more
possibilities for a breakthrough!} Bxa4 26. Bc3 Bd7 27. Rxg6 hxg6 28. Bxg7 Ke7
29. Bxh8 Kxf7 {Now, that's winning. If I had the pawn on h4, it could be a
draw, as I can't create passed connected pawns on the kingside.} 30. g4 b5 31.
a3 Ke6 32. f4 {Wrong in principle. First the king should be getting to g3, and
then choosing between Kf4 and Kh4. Probably , White is still winning after the
move in the text, but Kg2 was still stronger!} Kd5 33. Kf2 c5 34. c3 {Another
time-trouble move. Of course, I should not have worried about b5-b4, and just
play Kg3. Even if I were to lose my c2-pawn, I'd be quicker in any pawn race,
and an option to sacrifice a bishop was always there. But the clock was
counting seconds and I made the most solid move. It made no difference this
time, but as a rule one should always consider sacrificing such a pawns in
order to get an extra tempo.} Ke4 {Wrong direction. But it seems like black is
lost anyways:} (34... Ke6 35. c4 $1 {remember this idea to disconnect the
pawns? Here it tells!} b4 36. axb4 cxb4 37. Kg3 Bc6 38. Bb2 b3 39. Bc3) (34...
c4 35. Kg3) (34... Bc6 35. Kg3 Ke6 36. c4 $1) 35. Kg3 Be6 36. Be5 Bc4 37. Kh4
Bf1 {The only chance, but this attempt is refuted easily.} 38. Bd6 c4 (38...
Kd5 39. Be7 c4 40. f5 {is again easily winning.}) 39. f5 (39. Kg5 Bxh3 40. Bb4
$1 {is a cute alternative - White wins thanks to zugzwang!}) 39... gxf5 40. g5
Kd5 41. g6 $1 Ke6 42. Kg5 Bxh3 43. Kh6 f4 44. g7 {Berlin is alive, of course,
but so does chess! And of course, the ensuing endgame positions are full of
play and actually not as boring as they may look!} 1-0

[Event "WchT 9th"]
[Site "Antalya"]
[Date "2013.12.02"]
[Round "6.3"]
[White "Naiditsch, Arkadij"]
[Black "Akopian, Vladimir Eduardovic"]
[Result "1-0"]
[WhiteElo "2727"]
[BlackElo "2681"]
[Annotator "Szabo,Kr"]
[PlyCount "97"]
[EventDate "2013.11.26"]
[EventType "team-tourn"]
[EventRounds "9"]
[EventCountry "TUR"]
[SourceTitle "CBM 158"]
[Source "ChessBase"]
[SourceDate "2014.01.16"]
[SourceVersion "1"]
[SourceVersionDate "2014.01.16"]
[SourceQuality "1"]
[WhiteTeam "Germany"]
[BlackTeam "Armenia"]
[WhiteTeamCountry "GER"]
[BlackTeamCountry "ARM"]

1. e4 e5 2. Nf3 Nc6 3. Bb5 Nf6 4. O-O Nxe4 5. Qe2 {Naiditsch employs a rare
line against the notorious Berlin.} Nd6 6. Bxc6 dxc6 7. Qxe5+ Qe7 8. Qa5 Qd8 9.
Qc3 ({White can draw with} 9. Qe5+ Qe7 10. Qa5 $11 {like in many games.}) 9...
Be6 10. Re1 Qd7 $146 {A novelty from Akopian.} (10... Nb5 11. Qe3 Qd5 12. Nc3
Nxc3 13. bxc3 Bc5 14. d4 Bd6 15. Ng5 O-O (15... O-O-O $5 {was more exact} 16.
Nxe6 Rhe8 {and Black looks fine.}) 16. c4 $1 Qf5 (16... Qxc4 17. Qe4 $1 g6 18.
Qh4 h5 19. Ne4 {with a great initiative for White.}) 17. c5 Be7 18. Nxe6 fxe6
19. Qxe6+ Qxe6 20. Rxe6 Bf6 21. c3 $14 {Jones-Hammer Dresden 2008.}) (10... Nf5
11. Qb3 Bd6 (11... Be7 $1 {was better} 12. Qxb7 Bd5 $1 $132 {with strong
counterplay.}) 12. Qxb7 O-O 13. Nc3 Qd7 14. Qa6 Rae8 15. Qf1 (15. Ne4 $5) 15...
Bb4 (15... c5 $5) 16. d3 Bd5 17. Rxe8 Rxe8 18. Nxd5 cxd5 19. c3 Bd6 20. Bd2 $14
{Adamson-V.Mikhalevski, Philadelphia 2008. with a healthy P up for White,}) 11.
Ng5 O-O-O 12. Nxe6 fxe6 $6 {Black accepts the corrupting of his P structure.} (
12... Re8 $1 {would have been better,} 13. Qh3 (13. Qb3 Nf5 $1 14. d3 Nd4 15.
Qa4 Rxe6 16. Rxe6 Qxe6 17. Be3 Qg4 $1 18. Nc3 Nf3+ 19. Kh1 Qxa4 20. Nxa4 Nh4
$11 {with a drawish endgame.}) 13... g6 $1 {a cheeky and a resourceful move!
Black prepares for Nf5 followed by Rxe6, because he doesn't want to mess up
his P structure.} (13... Rxe6 14. Rxe6 Qxe6 15. Qxe6+ fxe6 16. d3 $14 {and
White's P structure is much better.}) 14. d3 Nf5 15. Nc3 Rxe6 16. Rxe6 Qxe6 $11
{and Black equalised.}) 13. d3 Be7 14. Nd2 Bf6 15. Qb3 Nf5 16. Ne4 Be7 (16...
Qd5 17. Bd2 $14) 17. Bd2 $14 {White has a very comfortable position. He has
finished his development, his N has a very strong base on e4 and the P
structure is also favourable for White.} Qd5 18. Bc3 Rhe8 19. Re2 {White can
improve his pieces more easily.} b5 (19... c5 {was better, for example} 20.
Rae1 Nd4 21. Bxd4 Qxb3 22. axb3 cxd4 {and Black tries to hold.}) 20. Ng3 (20.
Nd2 $5 {was also interesting} Bf6 21. Nf3 $14 {with also a small advantage for
White.}) 20... Nxg3 $6 {Only helps White.} ({In the event of} 20... Bf6 21.
Rae1 Nd4 22. Bxd4 Qxd4 23. Rxe6 Rxe6 24. Qxe6+ Kb7 {Black looks very active,
but} 25. Rb1 $14 {followed by Ne4 and White has a healthy P up.}) 21. hxg3 Bf6
22. Bxf6 $1 gxf6 23. Qc3 $1 {Suddenly the position is changed. White gave up
his strong N's position, because he wants to attack on the queenside with a4!}
e5 24. a4 $1 {This is the point!} a6 ({Maybe} 24... Kb8 {was tougher} 25. Qa3 (
25. Ree1 $5) 25... Qd4 26. Re4 Qb6 27. Qc3 $36 {, but White's position is also
promising.}) 25. axb5 axb5 26. Ra7 $1 {A strong penetration.} Kd7 27. Qa5 Rc8
28. Re4 {White's major pieces start to attack the black K.} Re7 29. Qd2 Rg8 30.
c4 $1 Qd6 31. Rh4 $6 {This move allows interesting counterplay for Black.} (31.
Qa5 $1 {was a stronger way to continue the attack.}) 31... e4 $6 {Another
error.} (31... bxc4 $1 {was the correct answer} 32. Rxc4 {and only now} e4 $1 {
and Black has some practical counterchances.}) 32. cxb5 cxb5 33. Qa5 $1 Rg5 34.
dxe4 Rc5 ({The computer suggests} 34... Rh5 {, but} 35. Rxc7+ Qxc7 36. Qxc7+
Kxc7 37. Rxh5 $18 {and White has 2 Ps up, the endgame is easily winning.}) 35.
Kh2 Qd3 36. Qe1 {Too careful, but still not a mistake.} ({The pretty} 36. Qb6
$1 {was more accurate} Rc6 37. Qb8 Rxe4 38. Ra8 Rxh4+ 39. gxh4 Qd6+ 40. g3 $18
{and Black's position is hopeless.}) 36... Rc2 37. Ra1 $6 {This is an
inaccuracy.} ({White should go back with} 37. Qa5 $1 $18 {and continue his
attack against the black K.}) 37... Qe2 $2 {A mistake, probably in time
trouble.} (37... Re2 38. Qb4 R2xe4 39. Rxe4 Rxe4 40. Qf8 Qd6 $16 {and Black's
position is difficult, but still it is not the end.}) 38. Qb4 $1 $18 {Suddenly
the white Q is very active again, the game has been decided.} Qxf2 39. Qxb5+ c6
40. Qb7+ Ke6 41. Qc8+ Kd6 42. e5+ $1 {A pretty solution!} Kxe5 43. Rh5+ f5 44.
Ra5+ Ke4 45. Rh4+ Ke3 46. Ra3+ Ke2 47. Qa6+ Ke1 48. Ra1+ Kd2 49. Qa5+ 1-0

[Event "Capablanca Memorial Elite 49th"]
[Site "Havana"]
[Date "2014.05.09"]
[Round "2"]
[White "So, Wesley"]
[Black "Vallejo Pons, Francisco"]
[Result "1-0"]
[WhiteElo "2731"]
[BlackElo "2700"]
[Annotator "Szabo,Kr"]
[PlyCount "83"]
[EventDate "2014.05.08"]
[EventType "tourn"]
[EventRounds "10"]
[EventCountry "CUB"]
[EventCategory "19"]
[SourceTitle "CBM 161"]
[Source "ChessBase"]
[SourceDate "2014.07.16"]
[SourceVersion "1"]
[SourceVersionDate "2014.07.16"]
[SourceQuality "1"]

1. e4 e5 2. Nf3 Nc6 3. Bb5 Nf6 4. O-O Nxe4 5. d4 Nd6 6. Bxc6 dxc6 7. dxe5 Nf5
8. Qxd8+ Kxd8 9. Nc3 Bd7 10. b3 Kc8 11. Bb2 b6 {A very typical move in this
type of position. Black prepares for Kb7 followed by a5 and c5 and he tries to
create some weaknesses on the queenside.} 12. Rad1 h6 13. h3 a5 (13... Ne7 {
is more popular.}) 14. Rd3 (14. a4 {is another main move.}) 14... Ne7 {Another
typical move by Vallejo. The N wasn't useful on f5, so he frees that square
for his B and sometimes Ng6 is also possible to put under pressure the e5 P.}
15. Rfd1 Bf5 16. R3d2 $146 {The first new move in the game.} (16. Rd8+ {
was tried in a correspondence game,} Kb7 17. Rxa8 Kxa8 18. Nd4 Bc8 19. e6 f6
20. Re1 Kb7 21. g4 h5 22. Nf5 hxg4 23. hxg4 Ka6 24. Kg2 $14 {and White is
slightly better, Hybl-Nejtek, ICCF 2010.}) 16... c5 (16... Kb7 $5 {was also an
interesting alternative.}) 17. Nb5 Nc6 18. Nh4 Be6 19. f4 g6 20. g4 Be7 21. Ng2
Kb7 (21... Rd8 $1 {was more accurate. This move relieves the pressure on the
d-file and he avoids White's strong reply.} 22. Ne3 (22. a4 c4 $1) 22... Rxd2
23. Rxd2 a4 $132 {and Black has counterplay on the queenside.}) 22. Nd6+ $1 {
A very strong move by So! This temporary piece sacrifice deprives Black of his
B pair and he opens the long diagonal for the b2 B.} cxd6 ({If Black ignores
it with} 22... Ka6 23. f5 $1 gxf5 24. gxf5 Bxb3 25. axb3 cxd6 26. exd6 Bg5 27.
Re2 {and White's position is more comfortable.}) 23. exd6 Rhd8 {Black couldn't
save his e7 B, so he would like to exchange the Rs on the d-file.} 24. dxe7
Rxd2 25. Rxd2 Nxe7 26. a4 {The position looks completely drawish, but White
has a slight initiative, so still Black needs some exact moves in order to
equalise.} Nc6 (26... Nd5 $5 {was an alternative to avoid the Ne3,} 27. c4 Nb4
28. Ne3 Re8 29. Kf2 h5 {and White looks slightly better, but with accurate
moves Black should equalise.}) 27. Ne3 Re8 ({In the event of} 27... Rd8 28.
Rxd8 Nxd8 29. f5 gxf5 30. gxf5 Bd7 31. Kf2 Nc6 32. Kf3 Ne7 33. Kf4 {and this
is a very difficult endgame for Black.}) 28. Kf2 f5 {Otherwise White plays f5.}
29. Bg7 $1 {A nice move. White provokes some weaknesses on the kingside,
because Black's P will be more attackable on h5.} h5 30. gxh5 gxh5 31. c4 {
First White completely fixes the queenside and then he would like to start the
main plans on the kingside.} Rg8 32. Bc3 Kc7 33. Be5+ Nxe5 (33... Kb7 $6 {
was dubious, as there is} 34. Rd6 $1 Re8 35. Kg3 $16 {followed by Kh4 and
White is better.}) 34. fxe5 h4 $2 {The decisive mistake. After this White will
gain the initiative.} (34... f4 $1 {was the only chance} 35. Nd5+ Bxd5 36. cxd5
Rg3 $1 37. d6+ Kd8 $1 (37... Kd7 $2 {is losing, because of} 38. e6+ Kxe6 39. d7
$18) 38. e6 Rxh3 39. e7+ Kd7 $11 {and Black equalises.}) 35. Rd6 {Now Black is
in big trouble.} (35. Nd5+ {was also strong.}) 35... Re8 36. Kf3 f4 37. Nd5+
Bxd5+ 38. Rxd5 $18 {White is completely winning; the rest is easy.} Rf8 39. Rd2
Rf7 40. Rd1 Rf8 41. Rd2 Rf7 42. e6 1-0

[Event "George Marx Memorial 4th"]
[Site "Paks"]
[Date "2006.08.01"]
[Round "5"]
[White "Efimenko, Zahar"]
[Black "Almasi, Zoltan"]
[Result "1/2-1/2"]
[WhiteElo "2632"]
[BlackElo "2672"]
[Annotator "Szabo,Kr"]
[PlyCount "64"]
[EventDate "2006.07.28"]
[EventType "tourn"]
[EventRounds "10"]
[EventCountry "HUN"]
[EventCategory "15"]
[SourceTitle "CBM 113 Extra"]
[Source "ChessBase"]
[SourceDate "2006.09.14"]
[SourceVersion "1"]
[SourceVersionDate "2006.09.14"]
[SourceQuality "1"]

1. e4 e5 2. Nf3 Nc6 3. Bb5 Nf6 4. O-O Nxe4 5. d4 Nd6 6. Bxc6 dxc6 7. dxe5 Nf5
8. Qxd8+ Kxd8 9. Nc3 Bd7 10. b3 Be7 11. Bb2 a5 12. Rad1 Kc8 13. a4 (13. h3 Re8
(13... h5 14. g3 Ra6 $5 15. Bc1 Re8 16. Bg5 Bb4 17. Rd3 Ne7 {Shirov,A-Kramnik,
V, Monte Carlo rapid, 2001}) 14. Rd3 c5 15. Rfd1 Bc6 16. Nd5 Bxd5 17. Rxd5 a4
18. g4 Nh6 19. Nd2 $14 {Efimenko,Z-Komliakov,V, Kramatorsk, 2001}) 13... h5 (
13... b6 14. h3 h5 15. Ne4 Be8 16. Nfg5 h4 17. Rd3 Rh5 18. g4 hxg3 19. fxg3
Bxg5 20. g4 Be3+ 21. Kh2 Rh8 22. Rxf5 Bh6 23. Rf2 f6 24. exf6 gxf6 25. g5 Bg6
26. gxh6 Bxe4 27. Re3 Bh7 28. Re7 Kb7 29. Bxf6 Rae8 30. Rfe2 {1-0 Almasi,Z-Tu
Hoang Thong, Bled ol, 2002}) 14. Rd3 b6 15. Rfd1 Be8 (15... Be6 16. Ne4 c5 17.
c4 (17. Nfg5 c4) 17... Kb7 18. Nfg5 Bxg5 $1 19. Nxg5 Rae8 20. g3 Rhf8 $11 {
Ponomariov-Kramnik, ROW - Russia rapid, 2002}) 16. h3 Kb7 17. Ne2 c5 18. c4 Bc6
19. Nc3 Rae8 20. Nd5 $14 Bd8 21. Re1 Rhg8 22. Nd2 Nh4 23. g3 (23. Ne4 Ng6 24.
Rf3 (24. Ng3 h4 25. Nf5 Bd7 26. Rf3 f6 $15)) 23... Ng6 24. h4 (24. f4 f6 (24...
Bd7)) 24... Re6 25. Ree3 Rge8 26. f4 Ne7 27. Nxe7 R6xe7 $11 28. Kf2 Bd7 {
Diagram #} (28... Rd7 29. f5 Kc8) 29. e6 Rxe6 (29... Bxe6 30. Bxg7 Bf5 31. Rxe7
Bxe7 $11) 30. Rxe6 Bxe6 31. Bxg7 Bg4 32. Re3 Rxe3 1/2-1/2

[Event "George Marx Memorial 4th"]
[Site "Paks"]
[Date "2006.07.30"]
[Round "3"]
[White "Harikrishna, Pentala"]
[Black "Almasi, Zoltan"]
[Result "1-0"]
[WhiteElo "2682"]
[BlackElo "2672"]
[Annotator "Szabo,Kr"]
[PlyCount "107"]
[EventDate "2006.07.28"]
[EventType "tourn"]
[EventRounds "10"]
[EventCountry "HUN"]
[EventCategory "15"]
[SourceTitle "CBM 113 Extra"]
[Source "ChessBase"]
[SourceDate "2006.09.14"]
[SourceVersion "1"]
[SourceVersionDate "2006.09.14"]
[SourceQuality "1"]

1. e4 e5 2. Nf3 Nc6 3. Bb5 Nf6 4. O-O Nxe4 5. d4 Nd6 6. Bxc6 dxc6 7. dxe5 Nf5
8. Qxd8+ Kxd8 9. Nc3 Ne7 10. h3 h6 11. Be3 Bf5 $5 12. Rad1+ Kc8 (12... Ke8 13.
Nd4 Bd7 14. f4 Nd5 15. Nxd5 cxd5 16. Nb3 Bf5 17. Rxd5 Bxc2 18. Rc1 c6 19. Rd4
Bxb3 20. axb3 a6 21. Kf2 Rd8 22. Rcd1 Rxd4 23. Bxd4 Bb4 24. Kf3 Ke7 25. Bb6 g6
26. Ke4 h5 27. g3 {1/2-1/2 Leitao-Granda Zuniga, Villa Martelli 2005 94/(244)})
13. Nd4 Bh7 14. e6 (14. f4 c5 15. Nf3 Bxc2 16. Rd2) 14... c5 15. Ndb5 a6 (15...
fxe6 16. Bf4) 16. Rd7 (16. Na3) (16. Nxc7 Kxc7 17. Bf4+ Kb6) 16... axb5 17.
Nxb5 (17. Rfd1 $1 Nc6 18. Nxb5 Ra5 19. c4) 17... Nd5 (17... fxe6 $142 {(Almasi,
I)} 18. Rxc7+ Kb8 19. Bf4 Nd5 20. Rd1 Ra4 $8 21. c4 $1 (21. Rxd5 $5 exd5 22.
Bg3 Be7 $5 $13) 21... Bd6 $5 $13) 18. Rxd5 fxe6 19. Rd2 Rxa2 20. Rfd1 Be7 21.
Rd7 Bd6 $2 (21... Bd8 {(Almasi,I)} 22. Bxc5 (22. Rxg7 Bxc2 23. Rd2 Rxb2 24. Na3
Bf5 $1 25. Rxb2 $140 Bf6) 22... Bxc2 23. R1d2 Be4 $132 24. Na7+ $140 $2 Rxa7
25. Bxa7 b6) 22. Nxd6+ Kxd7 (22... cxd6 23. R1xd6) 23. Nf7+ Ke7 24. Nxh8 b6 25.
Bf4 Ra8 26. Bxc7 Rxh8 27. Bxb6 $16 Rc8 28. Rd2 c4 29. Ba5 Be4 30. Bb4+ Ke8 31.
Bc3 g6 32. f3 Bd5 33. Kf2 Ra8 34. Rd1 Kf7 35. Ke3 g5 36. h4 gxh4 37. Rh1 Rg8
38. Kf2 h5 39. Rxh4 Rg5 40. Rh1 e5 41. Bd2 Rf5 42. Ra1 Be4 43. Ra4 Bxc2 44.
Rxc4 Bd3 45. Rc7+ Kg6 46. Ke3 Bf1 47. Rc1 Bb5 48. Ke4 $1 h4 49. Rc5 Bf1 50.
Rc6+ Rf6 51. Rxf6+ Kxf6 52. Be1 h3 (52... Kg5 53. Kxe5 Bxg2 54. f4+ Kg4 55.
Bxh4 Kxh4 56. f5 $18) (52... Bxg2 53. Bxh4+ Ke6 54. Bg3 Bf1 (54... Bh1 55. Bxe5
Bxf3+ 56. Kxf3 Kxe5 57. Ke3 $18) 55. Bxe5 Bc4 56. f4 Bb3 57. Kd4) 53. gxh3 Bxh3
54. Bc3 1-0